000 00862aam a2200301 i 4500
001 768714001
003 CO-MdFUSB
005 20250830110757.0
007 ta
008 250830t1983 sp |||| |||| 00| 0 spa d
020 _a84-7228-742-4
040 _cCO-MdFUSB
041 0 _aspa
082 0 4 _223
_a249
_bS435c
100 1 _aScroggie, W. Graham (William) (1877-1958)
_eautor
245 1 0 _aCómo descubrir los secretos de la oración
_c/ W. Graham Scroggie ; traducido por Xavier Vila
264 1 _bClie,
_aTerrassa, Barcelona, España :
_c[1983]
264 4 _c©1983
300 _a116 páginas
336 _atexto
_btxt
_2rdacontent
337 _2rdamedia
_asin mediación
_bn
338 _2rdacarrier
_avolumen
_bnc
563 _aRústico
650 7 _aOración
_986
700 _aVila, Xavier.
_92156
_etraductor
942 _cBK
945 _aJTF-925
999 _c36299
_d36299